000 00805nam0a22002651 4500
001 rc\602762
005 20031121163549.8
035 _a(NLR Aleph) 005847034
090 _a5739119
_c5739119
100 _a20031121d1986 u |0rusy50 ca
101 0 _arus
102 _aRU
105 _ay |||||||||
200 1 _aОвцеводство: каким ему быть
210 _aАлма-Ата
_cКайнар
_d1986
215 _a119, [3] с.
_d21
225 1 _aЭкономика: резервы ускорения
300 _aНа обл. авт. не указаны
320 _aБиблиогр.: с. 121
700 1 _aЖакупов
_bК. Ж.
_gКанапия Жакупович
801 0 _aRU
_bNLR
_gpsbo
801 1 _aRU
_bELAR
_2rusmarc
852 _aNLR
_j86-3/1863
942 _cBOOK
980 _aNB